Africa doesn't matter (Record no. 4493)
[ view plain ]
| 000 -LEADER | |
|---|---|
| fixed length control field | 00384nam a22001457a 4500 |
| 008 - FIXED-LENGTH DATA ELEMENTS--GENERAL INFORMATION | |
| fixed length control field | 250917b |||||||| |||| 00| 0 eng d |
| 020 ## - INTERNATIONAL STANDARD BOOK NUMBER | |
| ISBN | 9781559708654 |
| 100 ## - MAIN ENTRY--AUTHOR | |
| Author | Bolton Gilles |
| 245 ## - TITLE STATEMENT | |
| Title | Africa doesn't matter |
| 260 ## - PUBLICATION, DISTRIBUTION, ETC. (IMPRINT) | |
| Place of publication | London |
| Name of publisher | Arcade publishing inc |
| Date of publication | 2007 |
| 300 ## - COLLATION | |
| Pagination | vi,350p. |
| 650 ## - TRACINGS | |
| Main Subject | proverty-Africa |
| Subdivision (1st) | Economic assistance |
| 942 ## - ADDED ENTRY ELEMENTS (KOHA) | |
| Item type | Books |
| 050 ## - LIBRARY OF CONGRESS CALL NUMBER | |
| Classification number | HC800.29 |
| Item number | .B65 |
| Source of classification or shelving scheme | Not for loan | Permanent location | Current location | Date acquired | Accession No. | Full call number | Barcode. | Koha item type |
|---|---|---|---|---|---|---|---|---|
| Library of Congress Classification | Samuel Ogbemudia Main Library, University of Abuja | Samuel Ogbemudia Main Library, University of Abuja | 09/17/2025 | 2025/65198 | HC800.29.B65 | 2025-3280 | Books |